Disorders of calcium and phosphate metabolism in childhood and adolescence / (Record no. 117354)

MARC details
000 -LEADER
fixed length control field 00913nam a2200265 i 4500
008 - FIXED-LENGTH DATA ELEMENTS--GENERAL INFORMATION
fixed length control field
020 ## - INTERNATIONAL STANDARD BOOK NUMBER
International Standard Book Number 0721645372 (hbk. )
049 ## - LOCAL HOLDINGS (OCLC)
Holding library MAIN
090 0# - LOCALLY ASSIGNED LC-TYPE CALL NUMBER (OCLC); LOCAL CALL NUMBER (RLIN)
Classification number (OCLC) (R) ; Classification number, CALL (RLIN) (NR) RJ399.C25
Local cutter number (OCLC) ; Book number/undivided call number, CALL (RLIN) HAR
003 - CONTROL NUMBER IDENTIFIER
control field
005 - DATE AND TIME OF LATEST TRANSACTION
control field 20230120204119.0
040 ## - CATALOGING SOURCE
Transcribing agency NUST
100 1# - MAIN ENTRY--PERSONAL NAME
Personal name Harrison, Harold E.
245 10 - TITLE STATEMENT
Title Disorders of calcium and phosphate metabolism in childhood and adolescence /
Statement of responsibility, etc. by Harold E. Harrison, Helen C. Harrison.
260 ## - PUBLICATION, DISTRIBUTION, ETC.
Place of publication, distribution, etc. Philadelphia :
Name of publisher, distributor, etc. Saunders,
Date of publication, distribution, etc. 1979.
300 ## - PHYSICAL DESCRIPTION
Extent xi, 314 p. :
Other physical details ill. ;
Dimensions 27 cm.
440 #0 - SERIES STATEMENT/ADDED ENTRY--TITLE
Title Major problems in clinical pediatrics ;
Volume/sequential designation 20
500 ## - GENERAL NOTE
General note Includes index.
504 ## - BIBLIOGRAPHY, ETC. NOTE
Bibliography, etc. note Includes bibliographical references.
650 #0 - SUBJECT ADDED ENTRY--TOPICAL TERM
Topical term or geographic name entry element Calcium metabolism disorders in children.
650 #0 - SUBJECT ADDED ENTRY--TOPICAL TERM
Topical term or geographic name entry element Phosphorus metabolism disorders in children.
700 1# - ADDED ENTRY--PERSONAL NAME
Personal name Harrison, Helen C.
907 ## - LOCAL DATA ELEMENT G, LDG (RLIN)
a .b10327617
b 21-02-13
c 20-02-13
942 ## - ADDED ENTRY ELEMENTS (KOHA)
Koha item type Ordinary Loan Books
Call number prefix RJ399.C25
Call number suffix HAR
Holdings
Date last seen Total Checkouts Full call number Barcode Cost, replacement price Price effective from Koha item type Lost status Source of classification or shelving scheme Damaged status Not for loan Collection Withdrawn status Home library Current library Shelving location Date acquired Cost, normal purchase price
01/20/2023   RJ399.HAR 92004032960 80.00 01/20/2023 BOOKS   lcc     NFIC   Medical Medical GEN 01/20/2023 80.00